| 000 | 00000nam##2200000za#4500 |
| 001 | 9.621965 |
| 003 | CaOODSP |
| 005 | 20200327171242 |
| 007 | ta |
| 008 | 150406|1992||||xxc||||| f|0| 0 fre|d |
| 040 | |aCaOODSP|bfre |
| 043 | |an-cn--- |
| 086 | 1 |aFs97-6/1871F |
| 110 | 1 |aCanada. |bMinistère des pêches et des océans. |
| 245 | 10|aRéouverture de la lagune du Havre aux Basques: étude numérique des conditions d'écoulement / |cpar J. F. Bellemare et al. |
| 260 | |aOttawa - Ontario : |bPêches et Océans Canada |c1992. |
| 300 | |a60p. : |bfigures (certaines en couleur), références, tableaux ; |c28 cm. |
| 490 | 1 |aRapport technique canadien des sciences halieutiques et aquatiques|v1871 |
| 500 | |aPréparé au Ministère des Pêches et des Océans, Direction de la Gestion des pêches et de l'habitat, Division de la Gestion de l'habitat du poisson, Gare maritime Champlain, C.P. 15 500, 901, Cap Diamant, Quebec (Québec) G1K 7Y7. |
| 546 | |aAbstracts in English |
| 563 | |aCouverture souple |
| 691 | 07|aPoisson|2gcpds |
| 691 | 07|aHabitat|2gcpds |
| 691 | 07|aGestion de l'eau|2gcpds |
| 720 | 1 |aBellemare, J. F. |
| 776 | 0#|tRéouverture de la lagune du Havre aux Basques : |w(CaOODSP)9.603998 |
| 830 | #0|aRapport technique canadien des sciences halieutiques et aquatiques ;|v1871|w(CaOODSP)9.513051 |